00986cam a22003014a 450000100090000000300040000900500170001300800410003001000170007102000160008804000180010404200080012205000230013008200250015310000170017824500990019526000370029430000340033152100210036552600160038654100060040256200060040865000400041465000320045470000160048685600950050285600870059712361582OSt20140310182701.0010328s2001 nyu 000 0 eng  a 2001030861 a00711226877 aDLCcDLCdDLC apcc00aQA 301b.D674 200100aM 515.076 bD71 20011 aDon, Eugene.10aHow to solve word problems in calculus :ba solved problem approach /cDon, Eugene; Don, Benay aNew York :bMcGraw-Hill,cc2001. axii, 226 p. :bill. ;c22 cm. aCollege Students c1210L-1700L j1 e1 0aCalculusvProblems, exercises, etc. 0aWord problems (Mathematics)1 aDon, Benay.423Contributor biographical informationuhttp://www.loc.gov/catdir/bios/mh041/2001030861.html423Publisher descriptionuhttp://www.loc.gov/catdir/description/mh021/2001030861.html